The elements of physical chemistry
The book presents the concepts and principles of physical chemistry. It includes clear, uncluttered introduction to the foundations of physical chemistry, extensive illustrations to convey essential ideas, non-mathematical exposition.
Đã lưu trong:
| 主要作者: | |
|---|---|
| 格式: | 图书 |
| 语言: | Undetermined |
| 出版: |
Oxford
Oxford Univ. Press
1996
|
| 主题: | |
| 标签: |
添加标签
没有标签, 成为第一个标记此记录!
|
| Thư viện lưu trữ: | Trung tâm Học liệu Trường Đại học Cần Thơ |
|---|
| LEADER | 00763nam a2200193Ia 4500 | ||
|---|---|---|---|
| 001 | CTU_37653 | ||
| 008 | 210402s9999 xx 000 0 und d | ||
| 082 | |a 541 | ||
| 082 | |b A874 | ||
| 100 | |a Atkins, Peter William | ||
| 245 | 4 | |a The elements of physical chemistry | |
| 245 | 0 | |c Peter William Atkins | |
| 260 | |a Oxford | ||
| 260 | |b Oxford Univ. Press | ||
| 260 | |c 1996 | ||
| 520 | |a The book presents the concepts and principles of physical chemistry. It includes clear, uncluttered introduction to the foundations of physical chemistry, extensive illustrations to convey essential ideas, non-mathematical exposition. | ||
| 650 | |a Chemistry, physical and theoretical | ||
| 904 | |i Trọng Hải | ||
| 980 | |a Trung tâm Học liệu Trường Đại học Cần Thơ | ||